| 000 | 00790nam a2200217 a 4500 | ||
|---|---|---|---|
| 005 | 20250905063951.0 | ||
| 008 | 020701s1999 mx r 000 0 spa d | ||
| 020 | _a9686384359 | ||
| 035 | _aUPN01000117959 | ||
| 049 | _aUNE | ||
| 050 | 4 |
_aHC123 _bD4.7 |
|
| 245 | 0 | 0 |
_aDesarrollo económico de América Latina y el Caribe / _ccomp. Leopoldo Zea. |
| 260 |
_aMéxico : _bInstituto Panamericano de Geografía e Historia : _bUNESCO, _c1999. |
||
| 300 | _a172 p. | ||
| 440 | 0 |
_aTierra firme. _pLatinoamérica fin de milenio ; _v5 |
|
| 590 | _aTambién localizas ejemplares en Colección General | ||
| 651 | 4 |
_aAmérica Latina _xCondiciones económicas _92747 |
|
| 651 | 4 |
_aCARIBE (REGION) - _xCONDICIONES ECONOMICAS _96968 |
|
| 700 | 1 |
_aZea, Leopoldo, _d1912-2004 _ecomp. _929318 |
|
| 905 | _aLibro | ||
| 999 |
_c90361 _d90361 |
||